00675nam a22001337a 4500020001500000040000600015082001600021100001900037245005800056260002400114300001600138505035700154650003000511 a0387954252 c0 a621.382,VAC aR. Vacca, John aGuide to Wireless Network Security /cJohn R. Vacca,  aUSAbSpringerc2006 axxii, 848 p aPart.I Overview of Wireless Network Security Technology (Page-1), Part.II Designing Wireless Network Security (Page-161), Part.III Planning for Wireless Networks Security (Page-213), Installing and Deploying Wireless Network Security (Page-261), Part.IV Information Warfare Countermeasure (Page-369), Part.VII Results and Future Directions (Page-681).  aWireless Network Security